Ligue 1 Teams 2015-2016 - Statistics

General Stats
  • This quiz has been taken 57 times
  • The average score is 14 of 20
Answer Stats
Hint Answer % Correct
Olympique de Marseille
100%
Paris SG
100%
Olympique lyonnais
98%
AS Monaco
89%
Girondins de Bordeaux
86%
FC Nantes
84%
Montpellier HSC
84%
Stade rennais
82%
Lille OSC
80%
AS Saint-Étienne
75%
OGC Nice
70%
Toulouse FC
68%
FC Lorient
61%
Stade de Reims
59%
SCO Angers
57%
SC Bastia
55%
SM Caen
52%
ES Troyes AC
50%
Gazélec Ajaccio
32%
EA Guingamp
20%
No matching quizzes found
Score Distribution
Percent of People with Each Score
Percentile by Number Answered
Your Score History
You have not taken this quiz